=LDR 00000nam 2200000 4500 =001 INLIS000000000037639 =005 20130612143349 =008 ***********************************ind** =035 ##$$0010-061300000037639 =041 ##$$a ind =082 ##$$a 325 =090 ##$$a 325, p =100 ##$$a Paulden, Sydney =245 ##$$a How to deliver on time =650 ##$$a Management =850 ##$$a NBPNMAT